| 000 | 00697nam a2200241 i 4500 | ||
|---|---|---|---|
| 001 | bg | ||
| 100 | 1 |
_aPleszczyĆski, Jan. _d(1958- ). |
|
| 245 | 1 | 0 |
_aEtyka dziennikarska / _cJan PleszczyĆski. |
| 260 |
_aWarszawa : _bCentrum Doradztwa i Informacji Difin, _c2007. |
||
| 300 |
_a263 s. ; _c24 cm. |
||
| 504 | _aIndeks nazwisk. | ||
| 650 | 9 | _aDziennikarstwo | |
| 650 | 9 |
_aDziennikarze _xetyka |
|
| 020 | _a9788372517760 | ||
| 040 | _cBPK | ||
| 041 | 0 | _apol | |
| 044 | _aPOL | ||
| 080 | _a050+070:174 | ||
| 920 | _a978-83-7251-776-0 | ||
| 942 | _cKS | ||
| 008 | s pl f |000 0 pol | ||
| 999 |
_c54857 _d54857 |
||
| 856 |
_uhttp://koha.tu.koszalin.pl/cgi-bin/koha/opac-detail.pl?biblionumber=54857 _yKatalog online BPK |
||